Libros más vendidos de la historia (a fecha de 2016) - Estadísticas

Estadísticas generales
  • Esta prueba ha sido intentada 758 veces
  • La puntuación promedio es 13 de 107
Estadísticas de respuestas
Ventas (millones) Autor Idioma original Primera edición Libro % Correcto
44 J.K. Rowling Inglés 2007 Harry Potter y las Reliquias de la Muerte
87%
+300 Miguel de Cervantes Español 1605 El ingenioso hidalgo don Quijote de la Mancha
84%
150 J.R.R. Tolkien Inglés 1954 El Señor de los Anillos
82%
140 Antoine de Saint-Exupéry Francés 1943 El Principito
70%
+100 J.R.R. Tolkien Inglés 1937 El hobbit
65%
25 George Orwell Inglés 1949 1984
56%
30 Gabriel García Márquez Español 1967 Cien años de soledad
55%
80 Dan Brown Inglés 2003 El código Da Vinci
54%
50 Umberto Eco Italiano 1980 El nombre de la rosa
44%
15 Ken Follett Inglés 1989 Los pilares de la Tierra
43%
65 Paulo Coelho Portugués 1988 El alquimista
42%
+23 Suzanne Collins Inglés 2008 Los juegos del hambre
39%
36 León Tolstói Ruso 1869 Guerra y paz
36%
100 Agatha Christie Inglés 1939 Diez negritos
32%
39 Dan Brown Inglés 2000 Ángeles y demonios
30%
65 J.D. Dalinger Inglés 1951 El guardián entre el centeno
29%
30 Harper Lee Inglés 1960 Matar a un ruiseñor
28%
15 Carlos Ruiz Zafón Español 2001 La sombra del viento
27%
+13 Suzanne Collins Inglés 2010 Sinsajo
27%
21 Mario Puzo Inglés 1969 El Padrino
26%
30 Anne Frank Neerlandés 1947 Diario de Ana Frank
24%
+200 Charles Dickens Inglés 1859 Historia de dos ciudades
24%
+14 Suzanne Collins Inglés 2009 En llamas
21%
13 Roald Dahl Inglés 1964 Charlie y la fábrica de chocolate
20%
15 Patrick Süskind Alemán 1985 El perfume
20%
31 E.L. James Inglés 2011 50 sombras de Grey
18%
85 C.S. Lewis Inglés 1950 El león, la bruja y el armario
16%
12 Albert Camus Francés 1947 La peste
16%
30 Stieg Larsson Sueco 2005 Los hombres que no amaban a las mujeres
16%
+12 Haruki Murakami Japonés 1987 Tokio blues
13%
83 Henry Rider Haggard Inglés 1887 Ella
12%
30 Margaret Mitchell Inglés 1936 Lo que el viento se llevó
10%
20 Jostein Gaarder Noruego 1991 El mundo de Sofía
8%
50 Johanna Spyri Alemán 1880 Heidi
8%
35 Carlo Collodi Italiano 1881 Las aventuras de Pinocho
8%
12 Frank Herbert Inglés 1965 Dune
7%
19 Rhonda Byrne Inglés 2006 El secreto
7%
10 Stephen Hawking Inglés 1988 Historia del tiempo
7%
40 Richard Bach Inglés 1970 Juan Salvador Gaviota
7%
50 Lucy Maud Montgomery Inglés 1908 Ana de las Tejas Verdes
5%
11 Khalil Gibran Inglés 1923 El profeta
5%
10 Khaled Hosseini Inglés 2003 Cometas en el cielo
4%
14 Susanna Tamaro Italiano 1994 Donde el corazón te lleve
4%
11 William Peter Blatty Inglés 1971 El exorcista
4%
13 Susan E. Hinton Inglés 1967 Rebeldes
4%
20 Peter Benchley Inglés 1974 Tiburón
4%
10 Dr. Seuss Inglés 1957 El gato con sombrero
3%
14 Douglas Adams Inglés 1979 Guía del autoestopista galáctico
3%
12 Osaamu Dazai Japonés 1948 Indigno de ser humano
3%
21 Eric Segal Inglés 1970 Love Story
3%
30 Napoleón Hill Inglés 1937 Piense y hágase rico
3%
28 Cassandra Clare Inglés 2013 Princesa mecánica
3%
50 Anna Sewell Inglés 1877 Belleza negra
2%
15 Dale Carnegie Inglés 1936 Cómo ganar amigos e influir sobre las personas
2%
48 Shere Hite Inglés 1976 El informe Hite
2%
12 Desmond Morris Inglés 1968 El mono desnudo
2%
30 Colleen McCullough Inglés 1977 El pájaro espino
2%
10 Tomás Eloy Martínez Español 1995 Santa Evita
2%
11 Chinua Achebe Inglés 1958 Todo se desmorona
2%
10 Jung Chang Inglés 1992 Cisnes salvajes
1%
20 Zoe Bustos Inglés 2014 Ciudad del Fuego Celestial
1%
10 Alice Sebold Inglés 2002 Desde mi cielo
1%
60 Ellen G. White Inglés 1892 El camino a Cristo
1%
45 Beatrix Potter Inglés 1902 El cuento de Perico, el conejo travieso
1%
10.5 Julia Donaldson Inglés 1999 El grúfalo
1%
50 Dr. Benjamin Spock Inglés 1946 El libro del sentido del común del cuidado de bebés y niños
1%
30 Jacqueline Susann Inglés 1966 El valle de las muñecas
1%
34 Jeffrey Archer Inglés 1979 Kane y Abel
1%
15 William P. Young Inglés 2007 La cabaña
1%
10 Ken Follett Inglés 1978 La isla de las tormentas
1%
10 Elie Wiesel Yidis 1958 La noche
1%
30 Eric Carle Inglés 1969 La oruguita glotona
1%
23 James Redfield Inglés 1993 Las Nueve Revelaciones
1%
45 E.B. White Inglés 1952 La telaraña de Charlotte
1%
12 Robert James Waller Inglés 1992 Los puentes de Madison
1%
18 Erica Jong Inglés 1973 Miedo a volar
1%
20 Arlene Eisenberg, Heidi Murkoff y Sharon Mazel Inglés 1984 Qué esperar cuando se está esperando
1%
26 Spencer Johnson Inglés 1998 ¿Quién se ha llevado mi queso?
1%
15 James Clavell Inglés 1975 Shogun
1%
10 Joseph Heller Inglés 1961 Trampa-22
1%
100 Jiang Zemin Chino 2001 Triple representatividad
1%
30 Rick Warren Inglés 2002 Una vida con propósito
1%
40 Elbert Hubbard Inglés 1899 Un mensaje a García
1%
35 Louise Hay Inglés 1984 Usted puede sanar su vida
1%
15 Sam McBratney Inglés 1994 Adivina cuánto te quiero
0%
36.4 Nikolai Ortrovsky Ruso 1932 Así se rompió el acero
0%
16 Margaret Wise Brown Inglés 1947 Buenas noches, Luna
0%
10 Richard Nelson Bolles Inglés 1970 ¿De qué color es su paracaídas?
0%
15 Nicholas Evans Inglés 1995 El hombre que susurraba al oído de los caballos
0%
15 Janette Sebring Lowrey Inglés 1942 El pequeño perrito Poky
0%
25 Kenneth Grahame Inglés 1908 El viento de los sauces
0%
30 Charles M. Sheldon Inglés 1896 En sus pasos
0%
10 Taichi Sakaiya Japonés 1985 Historia del futuro, la sociedad del conocimiento
0%
28 Hal Lindsey y Carole C. Carlson Inglés 1970 La agonía del gran planeta Tierra
0%
10 Marabel Morgan Inglés 1974 La mujer total
0%
14 Erskine Cladwell Inglés 1933 La parcela de Dios
0%
20 Xaviera Hollander Inglés 1971 La prostituta feliz
0%
30 William Bradford Huie Inglés 1951 La rebeldía de la Sra. Stover
0%
15 Stephen R. Covey Inglés 1989 Los siete hábitos de las personas altamente efectivas
0%
14 J. Abrego S. Español 2014 Martes con mi viejo profesor de matemáticas
0%
10 Yu Dan Chino 2006 Observaciones de Yu Dan sobrelas Anacletas de Confucio
0%
12 Grace Metalious Inglés 1956 Peyton Place
0%
10 Xue Muqiao Chino 1979 Problemas de la economía socialista de China
0%
20 Robert Munsch Inglés 1986 Siempre te querré
0%
20 Marilyn French Inglés 1977 Sólo para mujeres
0%
20 Jiang Rong Chino 2004 Tótem Lobo
0%
19 G. Vanessa Martínez R. Español 2016 Una noche con él
0%
No se encontraron pruebas coincidentes
Distribución de puntuación
Porcentaje de gente con cada puntuación
Porcentaje por número respondido
Historial de tus puntuaciones
No has intentado esta prueba.